|
|
|
|
| LEADER |
00740nam a2200193 i 4500 |
| 001 |
misc29063 |
| 005 |
20221213160123.0 |
| 008 |
180103s1989 hu o 0|| zxx d |
| 020 |
|
|
|a 963-481-668-1
|
| 040 |
|
|
|a SZTE Miscellanea Repozitórium
|b hun
|
| 041 |
|
|
|a zxx
|
| 245 |
0 |
0 |
|a Magángyűjtemények Magyarországon 1564-1716
|h [elektronikus dokumentum] :
|b könyvjegyzékek bibliográfiája
|
| 260 |
|
|
|a József Attila Tudományegyetem
|b Szeged
|c 1989
|
| 300 |
|
|
|a XI, 155 p.
|c 14x20 cm
|
| 490 |
0 |
|
|a Könyvtártörténeti Füzetek
|v 5.
|
| 695 |
|
|
|a Magánkönyvtár - Magyarország - 16-17. sz. - lelőhelyjegyzék
|
| 700 |
0 |
1 |
|a Monok István
|
| 700 |
0 |
1 |
|a Ötvös Péter
|
| 856 |
4 |
0 |
|u http://misc.bibl.u-szeged.hu/29063/1/ktf_005.pdf
|z Dokumentum-elérés
|